| LEADER | 02303nam a2200277 4500 | ||
|---|---|---|---|
| 082 | |a 782.420942 |b I301m | ||
| 100 | |a Đào Ngọc Dung | ||
| 245 | |a Iama fine musican |b English songs for children to be sung in Vietnamese |c Đào Ngọc Dung sưu tầm và đặt lời việt | ||
| 260 | |a H. |b Âm nhạc |c 2003 | ||
| 300 | |a 79tr. |c 24cm | ||
| 500 | |a Đầu trang tên sách ghi: Bài hát tiếng anh cho trẻ em. Sách song ngữ Anh - Việt | ||
| 520 | |a vv | ||
| 653 | |a Âm nhạc | ||
| 653 | |a Bài hát | ||
| 653 | |a Tiếng Anh | ||
| 942 | |2 ddc |c STK0 | ||
| 999 | |c 1437 |d 1437 | ||
| 952 | |0 0 |1 0 |2 ddc |4 0 |6 782_420942000000000_I301M |7 1 |8 700 |9 25902 |a qbu |b qbu |c D5 |d 2014-12-09 |g 12000 |o 782.420942 I301m |p 4795.C1 |r 0000-00-00 |w 2014-12-09 |y STK0 |0 0 |6 782_420942000000000_I301M | ||
| 952 | |0 0 |1 0 |2 ddc |4 0 |6 782_420942000000000_I301M |7 0 |8 700 |9 25903 |a qbu |b qbu |c D5 |d 2014-12-09 |g 12000 |o 782.420942 I301m |p 4795.C2 |r 0000-00-00 |w 2014-12-09 |y STK0 |0 0 |6 782_420942000000000_I301M | ||
| 952 | |0 0 |1 0 |2 ddc |4 0 |6 782_420942000000000_I301M |7 0 |8 700 |9 25904 |a qbu |b qbu |c D5 |d 2014-12-09 |g 12000 |o 782.420942 I301m |p 4795.C3 |r 0000-00-00 |w 2014-12-09 |y STK0 |0 0 |6 782_420942000000000_I301M | ||
| 952 | |0 0 |1 0 |2 ddc |4 0 |6 782_420942000000000_I301M |7 0 |8 700 |9 25905 |a qbu |b qbu |c D5 |d 2014-12-09 |g 12000 |o 782.420942 I301m |p 4795.C4 |r 0000-00-00 |w 2014-12-09 |y STK0 |0 0 |6 782_420942000000000_I301M | ||
| 952 | |0 0 |1 0 |2 ddc |4 0 |6 782_420942000000000_I301M |7 0 |8 700 |9 25906 |a qbu |b qbu |c D5 |d 2014-12-09 |g 12000 |o 782.420942 I301m |p 4795.C5 |r 0000-00-00 |w 2014-12-09 |y STK0 |0 0 |6 782_420942000000000_I301M | ||
| 952 | |0 0 |1 0 |2 ddc |4 0 |6 782_420942000000000_I301M |7 0 |8 700 |9 25907 |a qbu |b qbu |c D5 |d 2014-12-09 |g 12000 |l 1 |m 1 |o 782.420942 I301m |p 4795.C6 |r 2015-11-17 |s 2015-11-11 |w 2014-12-09 |y STK0 |0 0 |6 782_420942000000000_I301M | ||
| 952 | |0 0 |1 0 |2 ddc |4 0 |6 782_420942000000000_I301M |7 0 |8 700 |9 25908 |a qbu |b qbu |c D5 |d 2014-12-09 |g 12000 |o 782.420942 I301m |p 4795.C7 |r 0000-00-00 |w 2014-12-09 |y STK0 |0 0 |6 782_420942000000000_I301M | ||
| 952 | |0 0 |1 0 |2 ddc |4 0 |6 782_420942000000000_I301M |7 0 |8 700 |9 25909 |a qbu |b qbu |c D5 |d 2014-12-09 |g 12000 |o 782.420942 I301m |p 4795.C8 |r 0000-00-00 |w 2014-12-09 |y STK0 |0 0 |6 782_420942000000000_I301M | ||
| 952 | |0 0 |1 0 |2 ddc |4 0 |6 782_420942000000000_I301M |7 0 |8 700 |9 25910 |a qbu |b qbu |c D5 |d 2014-12-09 |g 12000 |o 782.420942 I301m |p 4795.C9 |r 0000-00-00 |w 2014-12-09 |y STK0 |0 0 |6 782_420942000000000_I301M | ||